000 04579cam a22013094i 4500
003 PE-LiUPU
005 20250813185412.0
008 170606s2017 gaua rb 001 0 eng
020 _z9781628371840
035 _a(Sirsi) 989520087
035 _a(OCoLC)989520087
040 _aDLC
_beng
_erda
_cDLC
_dOCLCO
_dOCLCF
_dIDEBK
_dJSTOR
_dN$T
_dYDX
_dOCLCO
049 _aPRUA
050 4 _aU31
_b.T75 2017
082 0 0 _a355.0209394
_bT81
_223
100 1 _aTrimm, Charlie,
_d1977-
_eautor.
245 1 0 _aFighting for the king and the gods :
_ba survey of warfare in the ancient Near East /
_cby Charlie Trimm.
264 1 _aAtlanta :
_bSBL Press,
_c2017.
300 _axxviii, 721 páginas :
_bilustraciones ;
_c23 centímetros.
336 _atext
_2rdacontent
337 _aunmediated
_2rdamedia
338 _avolume
_2rdacarrier
490 1 _aResources for biblical study ;
_vnumber 88
504 _aBibliografía : páginas 627-697.
504 _aIndice : páginas 703-721.
505 0 _aOld and new military history -- Historicity -- Structure of the book -- Cultural and geographical groupings -- Casus Belli -- Defense -- Protection against chaos -- Acquisition -- Avoiding war -- Preparation for war -- Communication with enemy -- Intelligence -- Mustering troops -- March to war -- The king's role before battle -- Preparing defenses -- Battles -- Open field -- Communication in battle -- Chariots -- Horses (and other animals) -- Sieges -- Naval combat -- Single combat -- Deception in warfare -- Kings and princes in battle -- Results of battles -- Flight -- Plundering and prisoners -- Humiliation of enemies -- Urbicide -- Extermination of enemies -- Political and religious results of conquest -- Other responses to victory -- Responses to defeat -- Conflicted memories -- Officers and soldiers -- Command structure -- Size of armies -- Military scribes -- Training and life at home -- Life on campaign -- Problematic soldiers -- Weapons and armor -- Hand-to-hand weapons -- Distance weapons -- Defensive equipment -- Divine warriors -- Divine combat -- Calls for divine help -- Messages from the divine warriors -- Divine abandonment -- Divine weapons and incorporation into the myths -- Presence in battle.
526 _aP202
526 _aP201
526 _aP163
526 _aP162
526 _aP161
526 _aP160
526 _aP148
526 _aP147
526 _aP146
526 _aP145
526 _aP144
526 _aP143
526 _aP142
526 _aP141
526 _aP140
526 _aP139
526 _aP138
526 _aP137
526 _aP136
526 _aP135
526 _aP134
526 _aP133
526 _aP129
526 _aP128
526 _aP127
526 _aP120
526 _aP119
526 _aP118
526 _aP116
526 _aP115
526 _aP114
526 _aP110
526 _aP109
526 _aP108
526 _aP104
526 _aP103
526 _aP102
526 _aP99
526 _aP98
526 _aP97
526 _aP96
526 _aP95
526 _aP93
526 _aP90
526 _aP89
526 _aP88
526 _aP83
526 _aP82
526 _aP62
526 _aP59
526 _aP58
526 _aP57
526 _aP51
526 _aP49
526 _aP48
526 _aP47
526 _aP29
526 _aP24
526 _aP20
526 _aP19
526 _aP17
526 _aP15
526 _aP14
526 _aP12
526 _aP10
526 _aP09
526 _aP08
526 _aP07
526 _aP06
526 _aP05
526 _aP04
526 _aP01
650 0 _aArte y ciencia militar
_xHistoria
_yA 500.
650 0 _aArte militar y ciencia
_zOriente Medio
_xHistoria.
650 7 _aHistoria / Militar / Otro.
_2bisacsh
650 0 _aMilitary art and science
_xHistory
_yTo 500.
650 0 _aMilitary art and science
_zMiddle East
_xHistory.
650 7 _aHistory / Military / Other.
_2bisacsh
910 _adbm
_bncf
_cncf
_d20171226
942 _2ddc
_cBOOK
949 _a355.0209394 T81
_wDEWEY
_c1
_i77773
_lCATALOGING
_mBUL
_p67.50
_r0
_sY
_tBOOK
_u2017-12-26
_xPOSGRADO
_PP85
_0COMPRA
_o.STAFF. Colección Teología.
994 _aC0
_bPEPRU
596 _a1
999 _a355.0209394 T81
_wDEWEY
_c26399
_i77773
_f2021-11-11
_g4
_lCCODEBUL1
_mBUL
_p67.50
_r0
_sY
_tBOOK
_u2017-12-26
_xTEOLOGIA
_PP85
_0COMPRA
_o.STAFF. Colección Teología.
_d26399
980 _81
_gALBERTO SANCHEZ Responsable de Automatización